000 00462nam a2200181Ia 4500
003 OSt
005 20260119110715.0
008 210210b1965 xxu||||| |||| 00| 0 eng d
040 _cAL
041 _akan
082 _a859/313
100 _aKUSUMAKARA
_9148929
_dಕುಸುಮಾಕರ
245 _aMugiyada kate:
_bಮುಗಿಯದ ಕತೆ
260 _aSollapura
_b-
_c1965
690 _aKannada Fiction
_9148930
906 _a021184
942 _2ddc
_cBK
999 _c145247
_d145247